00315nam a2200109Ia 4500008004100000245007500041260003300116260000900149300000900158500001100167650002700178170224s9999 xx 000 0 und d aComposer Classification of Filipino Song Lyrics Using Machine Learning bPhilippine Computing Journal c2014 aIX:1 aAugust xInformation Technology